| 000 | 01071nam a2200301 i 4500 | ||
|---|---|---|---|
| 003 | EG-GICUC | ||
| 005 | 20260324134315.0 | ||
| 008 | 260225s1956 ua |||fr|||| 00| 0 ara d | ||
| 040 |
_a EG-GICUC _bara _c EG-GICUC _d EG-GICUC _erda |
||
| 041 | 0 | _aAra | |
| 082 | 0 | 4 |
_221 _a343.38062 _bر ؤ . ض |
| 092 | 0 | 4 | _221 |
| 099 | _aLaw1 10 343.38062 ر ؤ . ض 1956 | ||
| 100 | 0 |
_aرؤوف عبيد _eمؤلف. |
|
| 245 | 1 | 0 |
_aضوابط تسبيب الأحكام الجنائية فى قضاء النقض المصرى / _cتأليف رؤوف عبيد. |
| 264 | 3 |
_aالقاهرة : _bمطبعة نهضة مصر، _c1956. |
|
| 300 |
_a360 ؛صفحة _c24 سم. |
||
| 336 |
_2rda content _atext |
||
| 337 |
_2rda media _aComputer |
||
| 338 |
_2rda carrier _aOnline Resource |
||
| 546 | _aالنص باللغة العربية | ||
| 650 | 1 |
_aالأحكام الجنائية _2qrmak |
|
| 650 | 1 |
_aالقانون الجنائى _2qrmak |
|
| 651 | 1 | _2qrmak | |
| 856 | 4 | 0 | _uhttps://fll.law.cu.edu.eg/fulltext/bks/B10-05955.pdf |
| 905 |
_a54 _eYara |
||
| 942 |
_2ddc _cBK _e21 _n0 |
||
| 999 |
_c64203 _d64203 |
||